00706nam a2200217 a 450000500170000000800410001702000150005804000250007304100080009804400070010608200170011324500750013026000470020530000680025265000340032065000390035465000240039365000290041765000200044671000220046620160415160230.0140221b1998 sz ad gr|||| 00| 0 eng d a2886852161 aCO-BoIAVHcCO-BoIAVH0 aeng asz04a333.72bT39p05aFrom theory to practicebincentive measures in developing countries /  aGland (Suiza) :bWWF International,c1998. a43 páginas :bilustraciones y tablas ;c30 x 21 centímetros 6aBiodiversidadxUso sostenible 6aReservas Naturalesxconservación 6aComunidades locales 6aConocimiento tradicional 4aEtnoeducación2 aWWF Internacional